Religion Quiz

Random Religion or Book Quiz
Score 0/6 Timer 02:00
2 Plays Today
Bible Book % Correct
Jonah
69.3%
James
66.4%
Micah
59.3%
Hosea
53.7%
Titus
53.5%
Nahum
45.4%
Remove Ads.
Support Sporcle.
Get the best of Sporcle when you Go Orange. This ad-free experience offers more features, more stats, and more fun while also helping to support Sporcle. Thank you for becoming a member.

You're not logged in!

Compare scores with friends on all Sporcle quizzes.
OR
Log In

Show Comments

Extras

Top Quizzes Today


Score Distribution

Your Account Isn't Verified!

In order to create a playlist on Sporcle, you need to verify the email address you used during registration. Go to your Sporcle Settings to finish the process.

Report this User

Report this user for behavior that violates our Community Guidelines.

Details: